[Event "SZCZYRK OPEN - TURNIEJ Z OKAZJI SWIETA NIEPODLEGLOSCI - BLITZ 3'+2'' "]
[Site "Szczyrk"]
[Date "2018-11-11"]
[Round "6.28"]
[White "Jaworski, Tymon"]
[Black "Buchta, Agnieszka"]
[Result "0-1"]
[WhiteTitle ""]
[BlackTitle ""]
[WhiteElo "1372"]
[BlackElo "1586"]

1. e4 c5 2. Nf3 e6 3. d4 cxd4 4. Nxd4 Nf6 5. Nc3 Bb4 6. e5 Nd5 7. Qg4 O-O 8. Ndb5
a6 9. Nd6 Qa5 10. Bd2 Nxc3 11. Nc4 Qc7 12. bxc3 Be7 13. f4 b5 14. Ne3 Bb7 15.
Bd3 d6 16. O-O dxe5 17. fxe5 Qxe5 18. Rae1 Qc7 19. Nd1 Nd7 20. Bh6 g6 21. Bxf8
Bxf8 22. Qg3 Bd6 23. Qf3 Bxf3 24. Rxf3 Bxh2+ 25. Kh1 Be5 26. Be4 Rc8 27. Ree3
Bg7 28. Rd3 Ne5 29. Nf2 Nxf3 30. Bxf3 Rd8 31. Rxd8+ Qxd8 32. Kh2 Qd2 33. Ne4 Qxc2
34. Kg3 Qxa2 35. c4 bxc4 36. Kh2 c3 37. Nxc3 Bxc3 38. Bb7 Be5+ 39. Kh3 Qb3+ 40.
Bf3 g5 41. Kg4 f6 42. Kh5 Kg7 43. Kg4 Qe3 44. g3 Qf2 45. Kh5 Qxg3 46. Bg4 Qh2+
47. Bh3 Qxh3# 0-1

[Event "SZCZYRK OPEN - TURNIEJ Z OKAZJI SWIETA NIEPODLEGLOSCI - BLITZ 3'+2'' "]
[Site "Szczyrk"]
[Date "2018-11-11"]
[Round "6.29"]
[White "Zielinski, Marcin"]
[Black "Kazmierowski, Tymon"]
[Result "1-0"]
[WhiteTitle ""]
[BlackTitle ""]
[WhiteElo "1576"]
[BlackElo "1306"]

1. d4 Nf6 2. c4 g6 3. Nc3 Bg7 4. e4 d6 5. Nf3 O-O 6. Be2 Nbd7 7. O-O e5 8. Be3
Nh5 9. Bg5 f6 10. Be3 f5 11. exf5 gxf5 12. Nxe5 dxe5 13. Bxh5 f4 14. Bd2 e4 15.
Nxe4 Nf6 16. Nxf6+ Qxf6 17. Qb3 Qg5 18. c5+ Kh8 19. Bf3 Bh3 20. Kh1 Bg4 21. Bxg4
Qxg4 22. Qf3 Qf5 23. Bc3 Rad8 24. Rad1 c6 25. h3 Qg5 26. Rfe1 Rg8 27. Bd2 Rxd4
28. Bc3 Rd7 29. Bxg7+ Rdxg7 30. Re4 Rf8 31. Rde1 Qxc5 32. Re8 Rgf7 33. b3 Qf5
34. R1e5 Qd7 35. Rxf8+ Rxf8 36. Qc3 Qd1+ 37. Re1+ 1-0

[Event "SZCZYRK OPEN - TURNIEJ Z OKAZJI SWIETA NIEPODLEGLOSCI - BLITZ 3'+2'' "]
[Site "Szczyrk"]
[Date "2018-11-11"]
[Round "6.30"]
[White "Wolski, Michal "]
[Black "Zamarska, Sylwia "]
[Result "0-1"]
[WhiteTitle ""]
[BlackTitle ""]
[WhiteElo "1311"]
[BlackElo "1552"]

1. e4 d5 2. exd5 Nf6 3. Nf3 Bg4 4. d4 Qxd5 5. Be2 Nc6 6. Nc3 Qh5 7. Be3 O-O-O 8.
h3 e5 9. d5 e4 10. Nd4 Bxe2 11. Ndxe2 Nxd5 12. Nxd5 Qxd5 13. Qxd5 Rxd5 14. Rd1
Rxd1+ 15. Kxd1 Be7 16. c3 Rd8+ 17. Kc2 f5 18. Bd4 Nxd4+ 19. Nxd4 g6 20. Re1 Bc5
21. Ne6 Rd5 22. Nxc5 Rxc5 23. Rd1 c6 24. Rd6 Rd5 25. Rf6 Rd7 26. b4 Kc7 27. a4
Kb6 28. c4 a5 29. b5 Rc7 30. Kc3 Ka7 31. Kd4 cxb5 32. cxb5 b6 33. Kd5 Rd7+ 34.
Kc6 Rd2 35. Rf7+ Ka8 36. Kxb6 Rd8 37. Kxa5 Rb8 38. b6 Rb7 39. Kb5 Rxf7 40. a5
f4 41. a6 e3 42. fxe3 fxe3 43. b7+ Rxb7+ 44. axb7+ Kxb7 0-1

[Event "SZCZYRK OPEN - TURNIEJ Z OKAZJI SWIETA NIEPODLEGLOSCI - BLITZ 3'+2'' "]
[Site "Szczyrk"]
[Date "2018-11-11"]
[Round "6.31"]
[White "Szafranski, Maciej "]
[Black "Starosciak, Szymon "]
[Result "1-0"]
[WhiteTitle ""]
[BlackTitle ""]
[WhiteElo "1548"]
[BlackElo "1233"]

1. e4 c5 2. Nf3 d6 3. d4 cxd4 4. Nxd4 Nf6 5. f3 e5 6. Nb3 Nc6 7. c4 Be6 8. Nc3
a5 9. Be3 a4 10. Nd2 Be7 11. Nxa4 O-O 12. Be2 Qa5 13. Nb6 Ra6 14. Nd5 Bxd5 15.
cxd5 Nd4 16. Bxd4 exd4 17. Bxa6 Qxa6 18. Qe2 d3 19. Qe3 Bd8 20. Qg5 Nxe4 21. Qf4
Nxd2 22. Qxd2 Re8+ 23. Kd1 Re2 24. Qc3 Qa4+ 25. b3 Qa6 26. Re1 h6 27. Rxe2 dxe2+
28. Kc2 Bf6 29. Qc8+ Kh7 30. Re1 Qxa2+ 31. Kd3 Qa6+ 32. Qc4 Qa2 33. Rxe2 Qb1+
34. Qc2 Qh1 35. Kc4+ g6 36. Kb5 Qxh2 37. Qc7 Kg7 38. Qxb7 Qg1 39. Ra2 Qc5+ 40.
Ka6 Qc3 41. Ra5 Qd3+ 42. Qb5 Qc4 1-0

[Event "SZCZYRK OPEN - TURNIEJ Z OKAZJI SWIETA NIEPODLEGLOSCI - BLITZ 3'+2'' "]
[Site "Szczyrk"]
[Date "2018-11-11"]
[Round "6.32"]
[White "Kubaszewski, Piotr "]
[Black "Retz, Adrian "]
[Result "1/2-1/2"]
[WhiteTitle ""]
[BlackTitle ""]
[WhiteElo "1278"]
[BlackElo "1547"]

1. e4 c5 2. Nf3 e6 3. d4 cxd4 4. Nxd4 Nf6 5. Nc3 d6 6. Be3 a6 7. Qd2 Be7 8. O-O-O
Qc7 9. f3 Nbd7 10. Nb3 b5 11. a3 Bb7 12. Be2 Rc8 13. g4 Nb6 14. Bxb6 Qxb6 15.
Qd4 Qc7 16. h4 d5 17. g5 Nh5 18. exd5 Bxd5 19. Rd2 Bxb3 20. cxb3 Bxa3 21. bxa3
Qxc3+ 22. Qxc3 Rxc3+ 23. Kb2 Re3 24. Rc1 Rf8 25. Rc8+ Ke7 26. Rc7+ Ke8 27. Rc8+
Ke7 28. Rc7+ 1/2-1/2

[Event "SZCZYRK OPEN - TURNIEJ Z OKAZJI SWIETA NIEPODLEGLOSCI - BLITZ 3'+2'' "]
[Site "Szczyrk"]
[Date "2018-11-11"]
[Round "6.33"]
[White "Derylo, Kamil"]
[Black "Guzik, Michal"]
[Result "1-0"]
[WhiteTitle ""]
[BlackTitle ""]
[WhiteElo "1536"]
[BlackElo "1304"]

1. e4 c5 2. d4 cxd4 3. c3 d3 4. c4 Nc6 5. Bxd3 Nf6 6. Nc3 d6 7. h3 g6 8. Nf3 Bg7
9. O-O O-O 10. Be3 Qc7 11. Rc1 Rd8 12. Nd5 Nxd5 13. cxd5 Bxb2 14. Rc2 Bg7 15.
dxc6 bxc6 16. Qe2 Bb7 17. Rfc1 c5 18. Bf4 Rd7 19. Bc4 Be5 20. Bxe5 dxe5 21. Ng5
e6 22. Nxe6 fxe6 23. Bxe6+ Kg7 24. Bxd7 Qxd7 25. Rxc5 1-0

[Event "SZCZYRK OPEN - TURNIEJ Z OKAZJI SWIETA NIEPODLEGLOSCI - BLITZ 3'+2'' "]
[Site "Szczyrk"]
[Date "2018-11-11"]
[Round "6.34"]
[White "Rozek, Michal"]
[Black "Wilgosz, Tomasz"]
[Result "0-1"]
[WhiteTitle ""]
[BlackTitle ""]
[WhiteElo "1217"]
[BlackElo "1533"]

1. c4 e6 2. Nc3 d5 3. cxd5 exd5 4. d4 Nf6 5. g3 c5 6. e3 Nc6 7. Bg2 cxd4 8. exd4
h6 9. Nf3 Bg4 10. Be3 Bd6 11. O-O O-O 12. Re1 Re8 13. Rc1 Ne4 14. Qc2 Nxc3 15.
bxc3 Rc8 16. Bd2 Qf6 17. Qd3 Na5 18. h3 Bf5 19. Qb5 Nc4 20. Qxd5 Be6 21. Qb5 Nxd2
22. Nxd2 b6 23. d5 Bf5 24. Rxe8+ Rxe8 25. Qxe8+ Kh7 26. Be4 Bxe4 27. Qxe4+ g6
28. Qd4 Be5 29. Qc4 Qg5 30. Qd3 Qh5 31. Qf3 Qxh3 32. Qxf7+ Bg7 33. Nf3 Qg4 34.
Ne5 Qg5 35. Nf3 Qxc1+ 36. Kg2 Qxc3 37. Nh4 Qf6 38. Qxf6 Bxf6 39. Nf3 Kg7 40. Kh3
Kf7 41. Kg4 Ke7 42. Kf4 Kd6 43. Ke4 a5 44. Nd4 g5 45. Nf5+ Kc5 46. Nxh6 b5 47.
Ng4 Bd4 48. Nh6 Bxf2 49. Nf5 b4 50. d6 Kc6 51. Ke5 Bc5 52. Kf6 g4 53. Kg5 Bxd6
54. Nxd6 Kxd6 55. Kxg4 a4 56. Kh5 b3 57. axb3 axb3 58. g4 b2 59. g5 b1=Q 60. g6
Qh1+ 61. Kg5 Ke6 62. g7 Qg2+ 63. Kh6 Kf7 64. Kh5 Qxg7 65. Kh4 Qg6 66. Kh3 Qg5
67. Kh2 Kf6 68. Kh1 Kf5 69. Kh2 Kf4 70. Kh1 Kf3 71. Kh2 Qg2# 0-1

[Event "SZCZYRK OPEN - TURNIEJ Z OKAZJI SWIETA NIEPODLEGLOSCI - BLITZ 3'+2'' "]
[Site "Szczyrk"]
[Date "2018-11-11"]
[Round "6.35"]
[White "Seredyn, Dominik "]
[Black "Lambrecht, Tomasz"]
[Result "0-1"]
[WhiteTitle ""]
[BlackTitle ""]
[WhiteElo "1528"]
[BlackElo "1343"]

1. e4 c5 2. Nf3 g6 3. d4 cxd4 4. Nxd4 Bg7 5. Nc3 Nc6 6. Be3 Nf6 7. Be2 O-O 8. Nb3
d6 9. O-O a5 10. a4 Bd7 11. f4 Rc8 12. Qd2 Nb4 13. Bd4 Bc6 14. Bf3 Nd7 15. Bxg7
Kxg7 16. Nd5 Bxd5 17. exd5 Qb6+ 18. Qd4+ Qxd4+ 19. Nxd4 Nxc2 20. Nxc2 Rxc2 21.
Rf2 Rfc8 22. Raf1 Rxf2 23. Rxf2 Rc1+ 24. Rf1 Rxf1+ 25. Kxf1 Nc5 26. Bd1 Kf6 27.
Ke2 Kf5 28. Ke3 h5 29. h3 h4 30. Bc2+ Kf6 31. Kf3 g5 32. Kg4 gxf4 33. Kxf4 e5+
34. Kg4 Kg7 35. Kxh4 Kf6 36. Kg4 Nd7 37. h4 Nb6 38. Be4 Nxa4 39. b3 Nc5 40. Bc2
b5 41. h5 Kg7 42. Kf5 Nd7 43. g4 Nb6 44. Be4 a4 45. bxa4 0-1

[Event "SZCZYRK OPEN - TURNIEJ Z OKAZJI SWIETA NIEPODLEGLOSCI - BLITZ 3'+2'' "]
[Site "Szczyrk"]
[Date "2018-11-11"]
[Round "6.36"]
[White "Bochenek, Ryszard"]
[Black "Orzechowski, Michal"]
[Result "0-1"]
[WhiteTitle ""]
[BlackTitle ""]
[WhiteElo "1252"]
[BlackElo "1519"]

1. d4 d5 2. Nf3 Nf6 3. g3 c5 4. Bg2 Nc6 5. O-O e6 6. b3 Be7 7. Bb2 O-O 8. Nbd2
cxd4 9. Nxd4 Nxd4 10. Bxd4 b6 11. c4 Bb7 12. Rc1 Qd7 13. e3 Rfd8 14. Qe2 dxc4
15. Bxb7 Qxb7 16. Nxc4 Rac8 17. Rfd1 b5 18. Ne5 a6 19. g4 Nd5 20. Qf3 Bf6 21.
h3 Rxc1 22. Rxc1 Rc8 23. Rxc8+ Qxc8 24. g5 Bxe5 25. Bxe5 Qc1+ 26. Kg2 Qc2 27.
e4 Ne7 28. Qc3 Qxe4+ 29. Kg1 Qf5 30. f4 Qb1+ 31. Kf2 Qxa2+ 32. Kg3 Qb1 33. Kf3
Qf1+ 34. Kg3 Nf5+ 35. Kg4 Qe2+ 36. Qf3 h5+ 37. Qc3 Qg2+ 38. Kxh5 Qe2+ 39. Kh4
Qf2+ 40. Kg4 Qe2+ 0-1

[Event "SZCZYRK OPEN - TURNIEJ Z OKAZJI SWIETA NIEPODLEGLOSCI - BLITZ 3'+2'' "]
[Site "Szczyrk"]
[Date "2018-11-11"]
[Round "6.37"]
[White "Majdecki, Robert "]
[Black "Miler, Franciszek"]
[Result "1-0"]
[WhiteTitle ""]
[BlackTitle ""]
[WhiteElo "1508"]
[BlackElo "1197"]

1. d4 c5 2. d5 e5 3. c4 d6 4. e4 g6 5. Nc3 Bg7 6. Bd3 Ne7 7. Nge2 O-O 8. O-O f5
9. f4 Nd7 10. exf5 gxf5 11. fxe5 Nxe5 12. Bg5 h6 13. Bh4 Qd7 14. Nf4 N7g6 15.
Bg3 Ng4 16. Nxg6 Rf6 17. Nf4 Ne3 18. Qf3 Nxf1 19. Rxf1 Rf8 20. Nh5 Bd4+ 21. Kh1
Qf7 22. Nf4 Bd7 23. Nb5 Bxb5 24. cxb5 Bxb2 25. Ne6 Rfe8 26. Qxf5 Qxf5 27. Rxf5
Re7 28. Bxd6 Rf7 29. Rxf7 Kxf7 30. Bxc5 b6 31. Be3 h5 32. h4 Rc8 33. Ng5+ Kg7
34. Bf5 Re8 35. Ne6+ Kf7 36. Bg5 Rg8 37. Kh2 Bf6 38. Bxf6 Kxf6 39. Bh3 Ke5 40.
Ng5 Kxd5 41. g4 hxg4 42. Bxg4 Re8 43. Kg3 Kc5 44. a4 Kb4 45. h5 Kxa4 46. Bd7 Rd8
47. Bc6 a5 48. h6 Rh8 49. h7 Kb4 50. Kg4 a4 51. Kf5 a3 52. Bd5 Rd8 53. Bg8 a2
54. h8=Q Rf8+ 55. Nf7 Ra8 1-0

[Event "SZCZYRK OPEN - TURNIEJ Z OKAZJI SWIETA NIEPODLEGLOSCI - BLITZ 3'+2'' "]
[Site "Szczyrk"]
[Date "2018-11-11"]
[Round "6.38"]
[White "Komisarski, Jerzy"]
[Black "Kindler, Karolina"]
[Result "0-1"]
[WhiteTitle ""]
[BlackTitle ""]
[WhiteElo "1208"]
[BlackElo "1504"]

1. c4 e5 2. Nc3 Nc6 3. g3 Bb4 4. Bg2 Nf6 5. e3 d6 6. Nge2 Bf5 7. O-O O-O 8. a3
Ba5 9. b4 Bb6 10. Bb2 a6 11. d3 Re8 12. Qa4 Qd7 13. e4 Bh3 14. Nd5 Bxg2 15. Kxg2
Qg4 16. Nxf6+ gxf6 17. Qd1 Kh8 18. Nc3 Qg6 19. Nd5 Re6 20. f4 Qg7 21. Qf3 Rf8
22. f5 Ree8 23. Rae1 Rg8 24. Ne3 h6 25. Nd5 Qg5 26. Qf2 h5 27. Qd2 Qxd2+ 0-1

[Event "SZCZYRK OPEN - TURNIEJ Z OKAZJI SWIETA NIEPODLEGLOSCI - BLITZ 3'+2'' "]
[Site "Szczyrk"]
[Date "2018-11-11"]
[Round "6.39"]
[White "Sowierszenko, Tomasz "]
[Black "Mansz, Martyna "]
[Result "0-1"]
[WhiteTitle ""]
[BlackTitle ""]
[WhiteElo "1503"]
[BlackElo "1066"]

1. c3 d5 2. Qa4+ Bd7 3. Qb3 Nf6 4. Qxb7 Nc6 5. Qb3 Rb8 6. Qc2 d4 7. d3 dxc3 8.
Nxc3 Nd4 9. Qa4 Bxa4 10. Nxa4 Nc2+ 11. Kd1 Nxa1 12. Nf3 Nd5 13. g3 Qd7 14. h4
Qxa4+ 15. Ke1 Nc2+ 16. Kd2 Ndb4 17. Bh3 Qxa2 18. Ne5 Nd4 19. Bd7+ Kd8 20. Bg4
Nb3+ 21. Ke3 Nc2+ 22. Kf3 Nbd4+ 23. Kg2 Qd5+ 24. Nf3 Nxf3 25. Bxf3 Qf5 26. Bf4
Rxb2 27. Rc1 e6 28. e4 Qa5 29. Bg5+ Be7 30. Bf4 Ne1+ 31. Kh3 Bd6 32. Bg5+ f6 33.
Bf4 Bxf4 34. gxf4 Nxf3 35. Kg4 Nh2+ 36. Kg3 Qd2 0-1

[Event "SZCZYRK OPEN - TURNIEJ Z OKAZJI SWIETA NIEPODLEGLOSCI - BLITZ 3'+2'' "]
[Site "Szczyrk"]
[Date "2018-11-11"]
[Round "6.40"]
[White "Pieczewski, Szymon "]
[Black "Kucza, Kamil "]
[Result "1-0"]
[WhiteTitle ""]
[BlackTitle ""]
[WhiteElo "1495"]
[BlackElo "1200"]

1. e4 e5 2. f4 exf4 3. Nf3 Bc5 4. d4 Bb6 5. Bxf4 d6 6. Bc4 Bg4 7. O-O c5 8. c3
Bxf3 9. Rxf3 cxd4 10. cxd4 Ne7 11. Nc3 O-O 12. Na4 a6 13. Rb1 Nbc6 14. Be3 Ba7
15. Nc3 Qd7 16. Kh1 h6 17. Rg3 Kh8 18. Qd2 Ng6 19. Bxh6 gxh6 20. Qxh6+ Kg8 21.
Rxg6# 1-0

[Event "SZCZYRK OPEN - TURNIEJ Z OKAZJI SWIETA NIEPODLEGLOSCI - BLITZ 3'+2'' "]
[Site "Szczyrk"]
[Date "2018-11-11"]
[Round "6.41"]
[White "Rydzewski, Marceli "]
[Black "Chaczynski, Kamil"]
[Result "0-1"]
[WhiteTitle ""]
[BlackTitle ""]
[WhiteElo "1146"]
[BlackElo "1486"]

1. e4 c6 2. d4 d5 3. e5 Bf5 4. Nf3 e6 5. Nc3 Ne7 6. Bd3 Bxd3 7. Qxd3 Nd7 8. O-O
a6 9. Nd2 c5 10. f4 Nc6 11. Nf3 cxd4 12. Nxd4 Nxd4 13. Be3 Nf5 14. g4 Nxe3 15.
Rf3 Nxg4 16. f5 Bc5+ 17. Kg2 Ndxe5 18. Qe2 Nxf3 19. Qxf3 Ne3+ 20. Kh1 O-O 21.
Rg1 Nxf5 22. a3 Bxg1 23. Kxg1 Qb6+ 24. Kf1 Ne3+ 25. Ke2 Nxc2 26. h4 Nd4+ 27. Ke3
Nxf3+ 28. Kxf3 Qxb2 29. Ne2 Qb3+ 30. Kf2 d4 31. Nxd4 Qb6 32. Ke3 Rfd8 33. Kf3
Rxd4 34. Ke2 Qb2+ 35. Ke1 Qd2+ 36. Kf1 Re4 37. Kg1 Re1# 0-1

[Event "SZCZYRK OPEN - TURNIEJ Z OKAZJI SWIETA NIEPODLEGLOSCI - BLITZ 3'+2'' "]
[Site "Szczyrk"]
[Date "2018-11-11"]
[Round "6.42"]
[White "Panek, Bartosz "]
[Black "Wydmanski, Szymon"]
[Result "1-0"]
[WhiteTitle ""]
[BlackTitle ""]
[WhiteElo "1478"]
[BlackElo "1165"]

1. e4 c5 2. c3 Nc6 3. d4 cxd4 4. cxd4 d5 5. e5 e6 6. f4 f6 7. Nf3 fxe5 8. fxe5
Bb4+ 9. Nc3 Nge7 10. Bd3 Qb6 11. Bg5 O-O 12. Be3 Nf5 13. Bxf5 Rxf5 14. O-O Bd7
15. Qd3 Bxc3 16. bxc3 Ne7 17. Ng5 Bb5 18. Qc2 Bxf1 19. g4 Rxg5 20. Bxg5 Bh3 21.
Bxe7 Bxg4 22. Bd6 Rc8 23. Bc5 Qa5 24. Rb1 b6 25. Bb4 Qa6 26. Qf2 Qb7 27. Rf1 Bf5
28. Qg3 Qf7 29. h3 a5 30. Bd6 Qg6 31. Qxg6 Bxg6 32. Rf3 Rc6 33. Rf8# 1-0

[Event "SZCZYRK OPEN - TURNIEJ Z OKAZJI SWIETA NIEPODLEGLOSCI - BLITZ 3'+2'' "]
[Site "Szczyrk"]
[Date "2018-11-11"]
[Round "6.43"]
[White "Kaznowska, Weronika"]
[Black "Wiszniewski, Tomasz"]
[Result "1-0"]
[WhiteTitle ""]
[BlackTitle ""]
[WhiteElo "1199"]
[BlackElo "1475"]

1. d4 d5 2. c4 e5 3. dxe5 d4 4. Nf3 Nc6 5. Bf4 Bb4+ 6. Bd2 Nge7 7. Bxb4 Nxb4 8.
a3 Nbc6 9. Nbd2 Ng6 10. Nb3 Ngxe5 11. Nxe5 Nxe5 12. Rc1 Nc6 13. g3 O-O 14. Bg2
Ne5 15. Qxd4 Qxd4 16. Nxd4 c6 17. O-O Bg4 18. h3 Bh5 19. g4 Bg6 20. f4 c5 21.
Nb3 Nc6 22. f5 Bh5 23. gxh5 Rfe8 24. Rf2 Ne5 25. Bd5 Rad8 26. Nxc5 b6 27. Nd3
Nd7 28. Bc6 Re7 29. Bxd7 Rexd7 30. Kg2 Rc7 31. Nf4 b5 32. e3 bxc4 33. Rfc2 Re7
34. Rxc4 h6 35. R4c3 Rd2+ 36. R1c2 Rd8 37. Kf3 Re5 38. e4 Rde8 39. Rc4 Rb8 40.
Rc8+ Rxc8 41. Rxc8+ Kh7 42. Rc2 a5 43. Nd5 Re8 44. Rc7 f6 45. Nxf6+ Kh8 46. Nxe8
Kg8 47. Nd6 a4 48. Kf4 1-0

[Event "SZCZYRK OPEN - TURNIEJ Z OKAZJI SWIETA NIEPODLEGLOSCI - BLITZ 3'+2'' "]
[Site "Szczyrk"]
[Date "2018-11-11"]
[Round "6.44"]
[White "Sandomierski, Cyprian"]
[Black "Rylski, Tadeusz"]
[Result "1-0"]
[WhiteTitle ""]
[BlackTitle ""]
[WhiteElo "1472"]
[BlackElo "1098"]

1. e4 e6 2. d4 d5 3. Nd2 Nf6 4. e5 Nfd7 5. Ngf3 c5 6. c3 Nc6 7. Bd3 cxd4 8. cxd4
f6 9. exf6 Nxf6 10. O-O Bd6 11. b3 O-O 12. Bb2 Bd7 13. Ne5 Bxe5 14. dxe5 Ng4 15.
Nf3 Rc8 16. Qb1 h5 17. h3 Nh6 18. Bg6 Be8 19. h4 Nf5 20. Bxf5 Rxf5 21. Re1 Nb4
22. Re2 Bb5 23. Rd2 Rxf3 24. gxf3 Qxh4 25. Qg6 Bd3 26. Rxd3 Nxd3 27. Qxd3 Qg5+
28. Kf1 Qh4 29. Ke2 Rf8 1-0

[Event "SZCZYRK OPEN - TURNIEJ Z OKAZJI SWIETA NIEPODLEGLOSCI - BLITZ 3'+2'' "]
[Site "Szczyrk"]
[Date "2018-11-11"]
[Round "6.45"]
[White "Zmuda, Tomasz"]
[Black "Bochenek, Kacper "]
[Result "0-1"]
[WhiteTitle ""]
[BlackTitle ""]
[WhiteElo "1174"]
[BlackElo "1463"]

1. e4 c5 2. Nf3 d6 3. c3 e6 4. d4 cxd4 5. cxd4 Be7 6. Nc3 Bd7 7. Bd2 Nf6 8. Be2
Nc6 9. O-O O-O 10. e5 dxe5 11. dxe5 Ng4 12. h3 Ngxe5 13. Nxe5 Nxe5 14. f4 Nc6
15. Bd3 Nb4 16. Be4 Bc6 17. Bxc6 Nxc6 18. Ne4 Qb6+ 19. Kh1 Qxb2 20. Bc3 Qb6 21.
Qg4 g6 22. Ng5 Qc5 23. Rac1 Qb6 24. Qh4 Bxg5 25. fxg5 e5 26. Qh6 Nd4 27. Rce1
Qc7 28. Re4 Nf5 29. Rxf5 gxf5 30. Bxe5 Qc1+ 31. Kh2 f6 32. Rh4 Rf7 33. g6 Qxh6
34. gxf7+ Kxf7 35. Rxh6 fxe5 36. Rxh7+ Ke6 37. Rxb7 a5 38. Rb6+ Kd5 39. Rb5+ Ke4
40. a4 f4 41. g3 f3 42. Kg1 Kd4 43. Kf2 e4 44. h4 Kd3 45. Re5 Rb8 46. Rd5+ Kc4
47. Rf5 Kd4 48. Rf4 Rb2+ 49. Kf1 Kd3 50. h5 Rh2 51. g4 Ke3 52. Kg1 Kxf4 53. Kxh2
Ke3 54. Kg1 Ke2 55. h6 f2+ 56. Kh2 f1=Q 57. g5 Qf4+ 58. Kh3 Kf3 0-1

[Event "SZCZYRK OPEN - TURNIEJ Z OKAZJI SWIETA NIEPODLEGLOSCI - BLITZ 3'+2'' "]
[Site "Szczyrk"]
[Date "2018-11-11"]
[Round "6.47"]
[White "Kot, Ewelina "]
[Black "Ochenduszko, Bartosz "]
[Result "0-1"]
[WhiteTitle ""]
[BlackTitle ""]
[WhiteElo "1163"]
[BlackElo "1453"]

1. e4 e5 2. Nf3 Nf6 3. d3 Nc6 4. Bg5 Be7 5. Be2 d6 6. Nbd2 h6 7. Bh4 Be6 8. O-O
g5 9. Bg3 Qd7 10. h3 O-O-O 11. c4 Rdg8 12. Qa4 h5 13. Bh2 g4 14. hxg4 hxg4 15.
Ne1 Nd4 16. Qxd7+ Kxd7 17. Bd1 Rh7 18. Bg3 Rgh8 19. f3 Nh5 20. Bf2 g3 21. Bxd4
Nf4 22. Be3 Rh1# 0-1

[Event "SZCZYRK OPEN - TURNIEJ Z OKAZJI SWIETA NIEPODLEGLOSCI - BLITZ 3'+2'' "]
[Site "Szczyrk"]
[Date "2018-11-11"]
[Round "6.48"]
[White "Kordela, Monika"]
[Black "Duda, Leon "]
[Result "1-0"]
[WhiteTitle ""]
[BlackTitle ""]
[WhiteElo "1451"]
[BlackElo "1142"]

1. d4 Nf6 2. c4 e6 3. Nf3 Bb4+ 4. Nbd2 b6 5. a3 Be7 6. g3 Bb7 7. Bg2 O-O 8. O-O
d6 9. Re1 Nbd7 10. b3 Rc8 11. Bb2 c5 12. e3 Rc7 13. Qc2 d5 14. dxc5 Bxc5 15. Qd3
Ne4 16. Nxe4 dxe4 17. Qc3 f6 18. Nd2 Bd6 19. Nxe4 Be5 20. Qc2 Bxb2 21. Qxb2 f5
22. Nc3 Bxg2 23. Kxg2 Ne5 24. Rad1 Qf6 25. Nb5 Rd7 26. Qc2 Rfd8 27. Rxd7 Rxd7
28. Rd1 Qd8 29. Rxd7 Qxd7 30. a4 a6 31. Nd4 Kf7 32. Qc3 Nc6 33. Nxc6 Qxc6+ 34.
Kg1 Qd6 35. b4 Qd1+ 36. Kg2 Qxa4 37. c5 Qc6+ 38. Kg1 bxc5 39. bxc5 Ke7 40. Qa5
Kd7 41. Qc3 Kc8 42. Qxg7 Qxc5 43. Qg8+ Kb7 44. Qf7+ Kb6 45. Qxe6+ Kb5 46. Qd7+
Kb4 47. Qb7+ Kc4 48. Qxa6+ Kd5 49. Qb7+ Kc4 50. Qf7+ Kb4 51. h4 Qc1+ 52. Kh2 Qd2
53. Qxf5 1-0

[Event "SZCZYRK OPEN - TURNIEJ Z OKAZJI SWIETA NIEPODLEGLOSCI - BLITZ 3'+2'' "]
[Site "Szczyrk"]
[Date "2018-11-11"]
[Round "6.49"]
[White "Smolen, Sebastian"]
[Black "Waszkowska, Sandra "]
[Result "0-1"]
[WhiteTitle ""]
[BlackTitle ""]
[WhiteElo "1411"]
[BlackElo "1177"]

1. e4 e5 2. Nf3 Nc6 3. Bc4 Bc5 4. b4 Bb6 5. c3 Nf6 6. d3 a5 7. b5 Ne7 8. Nxe5 O-O
9. O-O d6 10. Nf3 Bg4 11. Bg5 h6 12. Bxf6 gxf6 13. Nbd2 Ng6 14. Qc2 Re8 15. Qb3
Qe7 16. Bd5 Rab8 17. Nd4 Bxd4 18. cxd4 b6 19. Bc6 Red8 20. h3 Bd7 21. d5 Bxc6
22. dxc6 Ne5 23. d4 Ng6 24. d5 Re8 25. Rfe1 Qd8 26. Qg3 Qe7 27. h4 h5 28. f4 Kh7
29. Qf3 Kh6 30. f5 Nf8 31. Qf4+ Kg7 32. Re3 Qe5 33. Rg3+ Kh7 34. Qxe5 fxe5 35.
Rg5 Kh6 36. Rf1 Nh7 37. Rg3 Nf6 38. Rg5 Rg8 39. Rxg8 Rxg8 40. Rf3 Rg4 41. g3 Nxe4
42. Nxe4 Rxe4 43. Kf2 Rd4 44. Ke3 Rxd5 45. f6 Rxb5 46. Rf2 Rc5 47. Ke4 Rxc6 48.
Kf5 Rc3 49. g4 hxg4 50. h5 Rf3+ 0-1

[Event "SZCZYRK OPEN - TURNIEJ Z OKAZJI SWIETA NIEPODLEGLOSCI - BLITZ 3'+2'' "]
[Site "Szczyrk"]
[Date "2018-11-11"]
[Round "6.50"]
[White "Strzoda, Szymon"]
[Black "Malik, Maciej"]
[Result "0-1"]
[WhiteTitle ""]
[BlackTitle ""]
[WhiteElo "1190"]
[BlackElo "1407"]

1. e4 d6 2. d4 Nf6 3. Nc3 g6 4. Bg5 Bg7 5. Bd3 O-O 6. Nf3 c6 7. O-O a6 8. Bxf6
exf6 9. Re1 Qc7 10. d5 b5 11. dxc6 Nxc6 12. Nd5 Qd8 13. c3 Be6 14. Bc2 Ne5 15.
Bb3 a5 16. a3 Nc4 17. Bxc4 bxc4 18. Ne3 Rb8 19. Qc2 Qb6 20. Nd1 Qb3 21. Qxb3 cxb3
22. Nd4 Rfc8 23. Ne3 Bh6 24. Ng4 Bxg4 25. f3 Be6 26. Kh1 Bf8 27. Rad1 a4 28. Ne2
Bc4 29. Ng3 Rd8 30. Rd4 Bb5 31. Red1 Be8 32. Rd5 Rdc8 33. Ne2 Rc5 34. R5d4 Bb5
35. Nf4 Rd8 36. Nd5 Kg7 37. h3 Bc6 38. Ne3 Be8 39. Nd5 Bc6 40. Ne3 Re8 41. Ng4
h5 42. Ne3 f5 43. Nf1 fxe4 44. fxe4 Rxe4 45. Rxe4 Bxe4 46. Ng3 Bf5 47. Nxf5+ Rxf5
48. Kg1 Ra5 49. Rd4 Be7 50. Kf2 d5 51. Kf3 Bf6 52. Rd3 Rc5 53. Ke2 g5 54. g3 Kg6
55. g4 hxg4 56. hxg4 Bg7 57. Kf3 Rc8 58. Kg3 Rd8 59. Kf3 d4 60. c4 Rc8 61. Rd1
Rxc4 62. Ke4 Rc2 63. Rb1 Re2+ 64. Kd3 Re3+ 65. Kd2 Rg3 66. Re1 Rxg4 67. Kd3 Rg2
0-1

[Event "SZCZYRK OPEN - TURNIEJ Z OKAZJI SWIETA NIEPODLEGLOSCI - BLITZ 3'+2'' "]
[Site "Szczyrk"]
[Date "2018-11-11"]
[Round "6.51"]
[White "Majdanski, Maksymilian "]
[Black "Krasniewski, Szymon"]
[Result "1-0"]
[WhiteTitle ""]
[BlackTitle ""]
[WhiteElo "1393"]
[BlackElo "1293"]

1. d4 Nf6 2. c4 g6 3. Nc3 Bg7 4. e4 d6 5. f3 O-O 6. Bg5 c5 7. d5 a6 8. a4 Nbd7
9. Qd2 Ne5 10. h4 e6 11. h5 exd5 12. Nxd5 Be6 13. Bxf6 Bxf6 14. hxg6 fxg6 15.
Qh6 Rf7 16. Nh3 Bxd5 17. cxd5 Qf8 18. Qxf8+ Rfxf8 19. Nf4 Bg7 20. Ne6 Rf7 21.
Be2 Nd7 22. Rb1 a5 23. Kd2 Nf8 24. Nxg7 Kxg7 25. Bb5 Nd7 26. Bxd7 Rxd7 27. Kc3
h5 28. Kc4 Kf6 29. f4 Re7 30. Rbe1 Rae8 31. Kd3 b6 32. Re2 c4+ 33. Kd4 Rc8 34.
Rc1 g5 35. e5+ dxe5+ 36. fxe5+ Kf5 37. Rf2+ Kg4 38. e6 h4 39. Rxc4 Rxc4+ 40. Kxc4
Kg3 41. Re2 g4 42. d6 Re8 43. d7 Rd8 44. e7 Rxd7 45. e8=Q Rc7+ 46. Kd5 Rc5+ 47.
Kd4 h3 48. gxh3 gxh3 49. Qe3+ Kh4 50. Qf4+ Kh5 51. Re5+ Rxe5 52. Qxe5+ Kg4 53.
Ke3 Kh4 54. Qf4+ Kh5 55. Kf3 b5 56. axb5 a4 57. Qg4+ Kh6 58. Qxh3+ Kg5 59. Qg4+
Kf6 60. Qh5 Ke6 61. Ke4 a3 62. Qe5+ Kd7 63. Qf6 a2 64. Qa6 1-0

[Event "SZCZYRK OPEN - TURNIEJ Z OKAZJI SWIETA NIEPODLEGLOSCI - BLITZ 3'+2'' "]
[Site "Szczyrk"]
[Date "2018-11-11"]
[Round "6.52"]
[White "Wydmanski, Robert"]
[Black "Mika, Adrian "]
[Result "1-0"]
[WhiteTitle ""]
[BlackTitle ""]
[WhiteElo "1345"]
[BlackElo "1177"]

1. e4 c5 2. Nf3 Nc6 3. d4 cxd4 4. Nxd4 e6 5. Nc3 Nf6 6. Nxc6 bxc6 7. Bd3 Bc5 8.
h3 d5 9. e5 Nd7 10. Bf4 Qh4 11. Bg3 Qh6 12. Qf3 O-O 13. O-O f6 14. exf6 Rxf6 15.
Qe2 Nb6 16. Be5 Rg6 17. Bxg6 Qxg6 18. Bg3 Nc4 19. b3 Nb6 20. Na4 Nxa4 21. bxa4
Rb8 22. Rfe1 Qf6 23. Bxb8 Bb4 24. Rf1 e5 25. Bxe5 Qe7 26. c3 Bc5 27. Rae1 Qg5
28. Bd4 Bxh3 29. Qe8+ Bf8 30. g3 Bxf1 31. Rxf1 Qf5 32. Kg2 a5 33. Bc5 d4 34. Qxf8+
Qxf8 35. Bxf8 Kxf8 36. cxd4 Ke7 37. Kf3 Ke6 38. Ke4 g6 39. Rc1 Kd6 40. Rb1 c5
41. dxc5+ Kxc5 42. Rb7 h5 43. Kf4 Kc6 44. Rb1 Kd6 45. f3 Ke6 46. Kg5 Kf7 47. Rb5
Kg7 48. Rxa5 Kf7 49. Rd5 Ke6 50. Rb5 Kf7 51. a5 Ke7 52. a6 Kd7 53. Kxg6 Kc6 54.
Rb1 Kd6 55. a7 Kc7 56. a8=Q Kd7 57. Qa6 Kc8 58. Rb7 Kd8 59. Qa8# 1-0

[Event "SZCZYRK OPEN - TURNIEJ Z OKAZJI SWIETA NIEPODLEGLOSCI - BLITZ 3'+2'' "]
[Site "Szczyrk"]
[Date "2018-11-11"]
[Round "6.53"]
[White "Gromek, Pawel"]
[Black "Fil, Grzegorz"]
[Result "1-0"]
[WhiteTitle ""]
[BlackTitle ""]
[WhiteElo "1300"]
[BlackElo "1173"]

1. e4 c5 2. Nf3 Nc6 3. Bb5 g6 4. c3 Bg7 5. d4 cxd4 6. cxd4 d6 7. O-O Bd7 8. Nc3
Nf6 9. e5 Nh5 10. Bxc6 Bxc6 11. d5 Bd7 12. exd6 exd6 13. Re1+ Kf8 14. Ne4 Qb6
15. Rb1 Rc8 16. Be3 Qa6 17. Bd4 Bxd4 18. Qxd4 Rg8 19. Nf6 Nxf6 20. Qxf6 Bf5 21.
Re7 Rg7 22. Rbe1 Qb6 23. Rxf7+ Rxf7 24. Qh8# 1-0